000 00811pam a2200253 a 4500
001 1580147
005 20180214045553.0
008 930920s1994 nyua j b 001 0 eng
010 _a 93034874
020 _a0195081102
040 _aDLC
_cDLC
_dDLC
041 _aeng
042 _alcac
043 _an-us---
080 _a305.409730 har
082 0 0 _a305.409730 har
_220
100 1 _a16
101 _ahis
245 1 3 _aAn unfinished battle :
_cHarriet Sigerman.
504 _aIncludes bibliographical references (p. 137-138) and index.
906 _a7
_bcbc
_corignew
_d1
_eocip
_f19
_gy-gencatlg
942 _2ddc
_cBK
999 _c42482
_d42482